|
|
|
|
| LEADER |
00000nab a2200000 a 4500 |
| 001 |
vtls008956384 |
| 003 |
SK-MaSNL |
| 005 |
20260304182653.0 |
| 008 |
140402 1977 xo | 000 0 slo |
| 015 |
|
|
|a SNBRB1977
|
| 040 |
|
|
|a SNKBUCL
|b slo
|c SNKBUCL
|e AACR2
|
| 041 |
0 |
|
|a slo
|
| 044 |
|
|
|a xo
|c SK
|
| 080 |
|
|
|a 94(437.6)"1945"
|2 2001
|
| 100 |
1 |
|
|a Drábek, Marián
|4 aut
|9 355132
|
| 245 |
1 |
0 |
|a Košický vládny program
|b 32. výročie vyhlásenia Košického vládneho programu
|c Marián Drábek
|
| 648 |
|
7 |
|a 1945
|2 snkbucl
|9 287702
|
| 650 |
0 |
7 |
|a Košický vládny program (1945)
|2 snkbucl
|9 98244
|
| 651 |
|
7 |
|a Slovensko
|x dejiny
|2 snkbucl
|9 13278
|
| 773 |
0 |
|
|t Bojovník
|g Roč. 9, č. 15 (1977), s. 4
|
| 999 |
|
|
|c 3030614
|d 3032544
|